PR-SOF-1975-Micro-Robotic Injection Module (Record no. 579106)

000 -LEADER
fixed length control field 00414nam a22001217a 4500
082 ## - DEWEY DECIMAL CLASSIFICATION NUMBER
Classification number 220PRO
100 ## - MAIN ENTRY--PERSONAL NAME
Personal name Shamail Bin Zaman. Muhammad Sultan Azam. Mustafa Raza Khan. Waleed Ahmed
9 (RLIN) 73336
245 ## - TITLE STATEMENT
Title PR-SOF-1975-Micro-Robotic Injection Module
260 ## - PUBLICATION, DISTRIBUTION, ETC.
Place of publication, distribution, etc. ISLAMABAD
Name of publisher, distributor, etc. NUST COLLEGE OF EME
Date of publication, distribution, etc. 2020
650 ## - SUBJECT ADDED ENTRY--TOPICAL TERM
Topical term or geographic name entry element DE-MTS-38
700 ## - ADDED ENTRY--PERSONAL NAME
Personal name Project Supervisor's Dr. Danish Hussain. Lec Umar Aslam.
9 (RLIN) 73337
942 ## - ADDED ENTRY ELEMENTS (KOHA)
Koha item type Computer Files
Holdings
Withdrawn status Lost status Source of classification or shelving scheme Damaged status Not for loan Permanent Location Current Location Shelving location Date acquired Total Checkouts Full call number Barcode Date last seen Price effective from Koha item type
          College of Electrical & Mechanical Engineering (CEME) College of Electrical & Mechanical Engineering (CEME) Reference 12/10/2021   220PRO PR-SOF-1975 12/10/2021 12/10/2021 Reference
© 2023 Central Library, National University of Sciences and Technology. All Rights Reserved.